[Event "TUR Cup"]
[Site "Antalya"]
[Date "2019.01.29"]
[Round "4"]
[White "Bek, Emir"]
[Black "Odabasi, Nail"]
[Result "1-0"]
[WhiteElo "1844"]
[BlackElo "1525"]
[PlyCount "71"]
[EventDate "2019.01.27"]
[EventType "swiss"]
[EventRounds "11"]
[EventCountry "TUR"]
[SourceTitle "CBM 188 Extra"]
[Source "ChessBase"]
[SourceDate "2019.02.26"]
[SourceVersion "1"]
[SourceVersionDate "2019.02.26"]
[SourceQuality "1"]

1. d4 d5 2. c4 Nc6 3. Nf3 Bg4 4. e3 Nf6 5. Nc3 e6 6. Bd2 Be7 7. Be2 0-0 8. 0-0 Ne4 9. cxd5 Nxc3 10. bxc3 Qxd5 11. h3 Bf5 12. c4 Qd7 13. Qb3 b6 14. Ne1 Rab8 15. Bd3 Bxd3 16. Nxd3 a5 17. Rab1 Bd6 18. Qb5 Rfd8 19. Rb2 f6 20. f4 Qe8 21. Rfb1 e5 22. fxe5 fxe5 23. d5 Qg6 24. Rb3 Na7 25. Qa6 Ra8 26. c5 bxc5 27. Rb7 e4 28. Nf4 Bxf4 29. Qxg6 hxg6 30. exf4 Rxd5 31. Bxa5 Nc6 32. Bc3 Rxa2 33. Rxc7 Nd4 34. Kh2 Ne6 35. Re7 Nxf4 36. Rxg7+ 1-0

[Event "Ordu op 2nd"]
[Site "Ordu"]
[Date "2016.04.17"]
[Round "7"]
[White "Bek, Emir"]
[Black "Erden, Kadir"]
[Result "0-1"]
[WhiteElo "1768"]
[BlackElo "2243"]
[PlyCount "76"]
[EventDate "2016.04.14"]
[EventType "swiss"]
[EventRounds "7"]
[EventCountry "TUR"]
[SourceTitle "CBM 171 Extra"]
[Source "ChessBase"]
[SourceDate "2016.04.26"]
[SourceVersion "1"]
[SourceVersionDate "2016.04.26"]
[SourceQuality "1"]

1. d4 d5 2. c4 e6 3. Nc3 Nf6 4. Bg5 Nbd7 5. Nf3 c6 6. e3 Qa5 7. Bxf6 Nxf6 8. Nd2 g6 9. c5 Bg7 10. f4 Qd8 11. Bd3 b6 12. b4 0-0 13. 0-0 a5 14. a3 Nd7 15. Qc2 bxc5 16. bxc5 Ba6 17. Rab1 Qc7 18. Na4 Bxd3 19. Qxd3 Rfb8 20. Rxb8+ Rxb8 21. Rb1 Rxb1+ 22. Qxb1 f6 23. Nb6 Nf8 24. Qb3 Kh8 25. g3 e5 26. Nf3 Qe7 27. Kf2 Qe6 28. Qc3 Qf5 29. Qxa5 g5 30. Qd2 Ne6 31. a4 gxf4 32. exf4 exf4 33. gxf4 Bh6 34. a5 Nxf4 35. Qd1 Qh3 36. Qg1 Qf5 37. Qd1 Qg4 38. Ne1 Qxd1 0-1

[Event "Ordu op 2nd"]
[Site "Ordu"]
[Date "2016.04.15"]
[Round "2"]
[White "Adly, Ahmed"]
[Black "Bek, Emir"]
[Result "1-0"]
[WhiteElo "2601"]
[BlackElo "1768"]
[PlyCount "37"]
[EventDate "2016.04.14"]
[EventType "swiss"]
[EventRounds "7"]
[EventCountry "TUR"]
[SourceTitle "CBM 171 Extra"]
[Source "ChessBase"]
[SourceDate "2016.04.26"]
[SourceVersion "1"]
[SourceVersionDate "2016.04.26"]
[SourceQuality "1"]

1. d4 Nf6 2. c4 d6 3. Nf3 g6 4. g3 Bg7 5. Bg2 0-0 6. 0-0 c6 7. Nc3 Nbd7 8. e4 e5 9. h3 Nh5 10. Be3 Qe7 11. Re1 Nhf6 12. Qc2 Rd8 13. Rad1 Ne8 14. Rd2 Nc7 15. Red1 Rf8 16. c5 dxc5 17. d5 Qd6 18. dxc6 Qxc6 19. Rd6 1-0

[Event "Manavgat Turkey Cup"]
[Site "Manavgat"]
[Date "2015.02.06"]
[Round "10"]
[White "Bek, Emir"]
[Black "Civi, Akin"]
[Result "0-1"]
[WhiteElo "1822"]
[BlackElo "1628"]
[PlyCount "66"]
[EventDate "2015.01.31"]
[EventType "swiss"]
[EventRounds "11"]
[EventCountry "TUR"]
[SourceTitle "CBM 164 Extra"]
[Source "ChessBase"]
[SourceDate "2015.03.02"]
[SourceVersion "1"]
[SourceVersionDate "2015.03.02"]
[SourceQuality "1"]

1. d4 Nf6 2. c4 c5 3. d5 b5 4. cxb5 a6 5. bxa6 Bxa6 6. g3 d6 7. Bg2 g6 8. Nf3 Bg7 9. 0-0 0-0 10. Re1 Nbd7 11. Nc3 Qa5 12. e4 Ng4 13. Bd2 Rfb8 14. Qc2 Nge5 15. Nxe5 Nxe5 16. b3 Nd3 17. Re3 Nb4 18. Qb1 c4 19. a3 Nd3 20. b4 Qb6 21. Na4 Qa7 22. Bc3 Bh6 23. Re2 Bc8 24. Nb2 Nxb4 25. Qd1 Bg4 26. Bd4 Bxe2 27. Bxa7 Bxd1 28. Bxb8 Bb3 29. Nxc4 Bxc4 30. Bc7 Nc2 31. Rb1 Rxa3 32. Rb8+ Kg7 33. h4 Ne1 0-1